Standard Test Method for Sorbent Performance of Adsorbents : ASTM Designation: F726 - 12

Gespeichert in:
Bibliographische Detailangaben
Format: Buch
Sprache:Englisch
Veröffentlicht: West Conshohocken ASTM
Tags: Tag hinzufügen
Keine Tags, Fügen Sie das erste Tag hinzu!

MARC

LEADER 00000nam a22000003a 4500
001 0011964
003 SK-STU
005 20160125143029.8
007 ta
008 160125s ----xo-----e------000-0-----d
040 |a STU  |b slo 
041 0 |a eng 
044 |a xxu 
245 1 0 |a Standard Test Method for Sorbent Performance of Adsorbents :  |b ASTM Designation: F726 - 12 
260 |a West Conshohocken  |b ASTM 
300 |a 6 p. 
996 |b 284M086630  |c M* N-1629-1  |l MMKN  |s A  |a 24  |w 0011964_0001